000 00231nam a2200097Ia 4500
008 120527s9999 xx 000 0 und d
100 _aAdamu S. O. et al.
245 _aStatistics for beginners book 1
260 _bSAAL
942 _cBK
999 _c16094
_d16094